000 02296nam a22002537a 4500
003 OSt
005 20240531162844.0
008 231128t2011 us a er 000 1 eng d
020 _a9780062085504
037 _3Donación
040 _aCO-JMCR
_cCO-JMCR
_dCO-JMCR
_erda
041 0 _aeng
082 0 4 _aA-N
_bMAFs
100 1 _aMafi, Tahereh,
_eAutor
_943023
_d1988-
245 1 _aShatter me /
_cTahereh Mafi
260 _aEstados unidos:
_bHarper Collins,
_c©2011
300 _a338 páginas ;
_c20 cm.
520 3 _ahe gripping first installment in New York Times bestselling author Tahereh Mafi's Shatter Me series.One touch is all it takes. One touch, and Juliette Ferrars can leave a fully grown man gasping for air. One touch, and she can kill.No one knows why Juliette has such incredible power. It feels like a curse, a burden that one person alone could never bear. But The Reestablishment sees it as a gift, sees her as an opportunity. An opportunity for a deadly weapon.Juliette has never fought for herself before. But when she's reunited with the one person who ever cared about her, she finds a strength she never knew she had.Includes a special sneak peek for This Woven Kingdom, Tahereh Mafi's new epic, romantic fantasy trilogy inspired by Persian folklore! La apasionante primera entrega de la serie Shatter Me del autor más vendido del New York Times, Tahereh Mafi. Un toque es todo lo que se necesita. Un toque y Juliette Ferrars puede dejar a un hombre adulto sin aliento. Un toque y podrá matar. Nadie sabe por qué Juliette tiene un poder tan increíble. Se siente como una maldición, una carga que una sola persona nunca podría soportar. Pero The Reestablecimiento lo ve como un regalo, la ve como una oportunidad. Una oportunidad para un arma mortal. Juliette nunca antes había luchado por sí misma. Pero cuando se reúne con la única persona que alguna vez se preocupó por ella, encuentra una fuerza que nunca supo que tenía. ¡Incluye un adelanto especial de This Woven Kingdom, la nueva trilogía de fantasía romántica y épica de Tahereh Mafi inspirada en el folclore persa!
546 _aeng
650 1 4 _2JMCR
_afantasy
_xLiterature
_943171
650 2 4 _2JMCR
_awoman
_xPower
_943172
650 3 4 _aLiterature
_vNovel
_943173
942 _2ddc
_cBK
999 _c30456
_d16840